Qisa Pooran Bhagat Wich Islamai Hawaly / (Record no. 525093)

000 -LEADER
fixed length control field 00611nam a22001937a 4500
003 - CONTROL NUMBER IDENTIFIER
control field NUST
038 ## - RECORD CONTENT LICENSOR
Staff Name Faiza
082 ## - DEWEY DECIMAL CLASSIFICATION NUMBER
Classification number 891.42
Author Mark MUJ
100 ## - MAIN ENTRY--PERSONAL NAME
Personal name Mujahida
9 (RLIN) 14933
245 ## - TITLE STATEMENT
Title Qisa Pooran Bhagat Wich Islamai Hawaly /
Statement of responsibility, etc. Mujahida
260 ## - PUBLICATION, DISTRIBUTION, ETC.
Place of publication, distribution, etc. Lahore :
Name of publisher, distributor, etc. Idara Punjabi Likharian,
Date of publication, distribution, etc. 2012.
300 ## - PHYSICAL DESCRIPTION
Extent 128 p. ;
500 ## - GENERAL NOTE
General note Hardcover.
504 ## - BIBLIOGRAPHY, ETC. NOTE
Bibliography, etc. note Bibliography, Reference
880 ## - ALTERNATE GRAPHIC REPRESENTATION
Linkage 100-01\r
Title مجاہدہ
880 ## - ALTERNATE GRAPHIC REPRESENTATION
Linkage 245-02\r
Title قصہ پورن بھگت وچ اسلامی حوالے /
880 ## - ALTERNATE GRAPHIC REPRESENTATION
Linkage 260-03\r
Title لاہور :
b ادارہ پنجابی لکھاریاں,
c ۲۰۱۲.
942 ## - ADDED ENTRY ELEMENTS (KOHA)
Source of classification or shelving scheme
Koha item type Book
Holdings
Withdrawn status Lost status Source of classification or shelving scheme Damaged status Not for loan Permanent Location Current Location Date acquired Total Checkouts Full call number Barcode Date last seen Price effective from Koha item type
          Central Library (CL) Central Library (CL) 06/28/2019   891.42 MUJ CL-E-1274 06/28/2019 06/28/2019 Book
© 2023 Central Library, National University of Sciences and Technology. All Rights Reserved.